| 000 | 00450nab a2200145Ia 4500 | ||
|---|---|---|---|
| 003 | ES-SlBCS | ||
| 005 | 20210601134622.0 | ||
| 008 | 140529s1985 xxu||||| |||| 00| 0 spa d | ||
| 041 | _aspa | ||
| 100 | 1 |
_aAlmecija, Juan _9220504 |
|
| 245 | 0 | 0 |
_aVisión del mundo en K. Marx y Max Weber (Estudio comparativo) _c Juan Almecija |
| 600 | 1 | 4 |
_aMarx, Karl _d, 1818-1883 _994285 |
| 773 | 0 |
_tAnthropos _gvol. 6, nº. 10, 1985, págs. 32-40 _wRev38 |
|
| 942 | _cAR | ||
| 999 |
_c615382 _d615382 |
||